La formación metodológica de los educadores populares /
שמור ב:
| מחבר ראשי: | |
|---|---|
| מחבר תאגידי: | |
| מחברים אחרים: | , , , , |
| פורמט: | לא ידוע |
| שפה: | Spanish |
| יצא לאור: |
Chile :
Consejo de Educación de Adultos de América Latina, CEAAL
|
| סדרה: | Documentos del Colectivo de Apoyo Metodológico del CEAAL. Santiago de Chile 9-13 de enero de 198
|
| נושאים: | |
| תגים: |
הוספת תג
אין תגיות, היה/י הראשונ/ה לתייג את הרשומה!
|
MARC
| LEADER | 00000 a2200000 04500 | ||
|---|---|---|---|
| 001 | 48267 | ||
| 003 | cru CIDCACS/IIS | ||
| 005 | 20190424111436.0 | ||
| 008 | 050611s1989 cl a spa d | ||
| 999 | |c 14231 |d 14231 | ||
| 020 | |a [sin ISBN] | ||
| 022 | |a [sin ISBN] | ||
| 040 | |c cru CIDCACS/IIS | ||
| 090 | |a 06.03.04 F725f | ||
| 100 | |a Ghiso, Alfredo | ||
| 245 | |a La formación metodológica de los educadores populares / |c Ghiso, Alfredo, et. al. | ||
| 260 | |a Chile : |b Consejo de Educación de Adultos de América Latina, CEAAL | ||
| 300 | |b il. | ||
| 440 | |a Documentos del Colectivo de Apoyo Metodológico del CEAAL. Santiago de Chile 9-13 de enero de 198 | ||
| 500 | |a Colección Alforja | ||
| 650 | |a EDUCACION POPULAR | ||
| 650 | |2 Macrothesauro de la UNA/ | ||
| 650 | |a ORGANIZACIONES POPULARES | ||
| 650 | |2 Listado unificado del CIDCACS/ | ||
| 650 | |a FORMACION DE DOCENTES | ||
| 650 | |2 Macrothesauro de la OCDE/ | ||
| 650 | |a EDUCACION DE ADULTOS | ||
| 650 | |2 Macrothesauro de la OCDE/ | ||
| 650 | |a TALLER DE CAPACITACION | ||
| 650 | |2 Listado unificado del CIDCACS/ | ||
| 700 | |a Tapia S., Gonzalo; | ||
| 700 | |a Leis, Raúl; | ||
| 700 | |a Ormeño Ortíz, Eugenio; | ||
| 700 | |a Osorio V., Jorge; | ||
| 700 | |a Mejía, Marco Raúl; | ||
| 710 | |a ALFORJA-CEPIS | ||
| 942 | |2 ddc |c LI | ||
